000 00484nam a2200169Ia 4500
999 _c27700
_d27700
003 OSt
005 20201117095312.0
008 190216s9999||||xx |||||||||||||| ||und||
040 _coclc
082 _a894.8123
_bMUK/D
100 _aMukundan, M
_96509
245 0 _aDaivathinte Vikruthikal /
_cM Mukundan
260 _bD C Books Kerala,
_c1998.
_aKottayam:
300 _a254p
650 _aMalayalam Novel
942 _cBK
_2ddc
_h894.8123
_iMUK/D
_k894.8123
_mMUK/D